All 1M I & J Cities on a Map - Statistics

General Stats
  • This quiz has been taken 217 times
  • The average score is 11 of 25
Answers on the Map
Answers color-coded by a green-red scale on the quiz's map according to % correct below.
 
Answer Stats
City % Correct
İstanbul
92%
Jakarta
92%
Johannesburg
92%
Jacksonville
90%
Jeddah
88%
Indianapolis
85%
İzmir
82%
Jaipur
72%
Ibadan
63%
Isfahan
62%
Jinan
42%
Jodhpur
42%
Indore
41%
Jilin
28%
João Pessoa
26%
Jos
24%
Ilorin
18%
Jabalpur
16%
Jamshedpur
16%
Jinzhou
14%
Jining
13%
Jiangyin
12%
Jingzhou
9%
Jalandhar
7%
Jiaozuo
7%
No matching quizzes found
Score Distribution
Percent of People with Each Score
Percentile by Number Answered
Your Score History
You have not taken this quiz